| 000 | 00531cam a22001694a 4500 | ||
|---|---|---|---|
| 005 | 20250605163654.0 | ||
| 008 | 250528s ||||||||||||||||||||||||d | ||
| 035 | _a24028 | ||
| 040 |
_aGR-AtMCL _bgre _dGR-AtMCL _eAACR2 |
||
| 245 | 1 | _aSupply Chain and Logistics / Το Περιοδικό για την Εφοδιαστική Αλυσίδα | |
| 260 |
_bParametros Group _bScl Magazine, _c2016 |
||
| 300 | _a128 | ||
| 520 | _a10 Χρόνια Ενημέρωση. | ||
| 942 | _cCR | ||
| 999 |
_c8929 _d8929 |
||